Statistics for Billy Wilder Filmography

Click here to take the quiz!

General Stats

  • This quiz has been taken 59 times
  • The average score is 31 of 102

Answer Stats

TypeYearName% Correct
Film Director | Film Production | Film Screenplay1959Some Like It Hot
91%
Film Director | Film Production | Film Screenplay1960The Apartment
91%
Film Director | Film Screenplay1950Sunset Boulevard
84%
Film Director | Film Screenplay1944Double Indemnity
81%
Film Director | Film Screenplay1945The Lost Weekend
69%
Film Director | Film Production | Film Screenplay1951Ace in the Hole
56%
Film Director | Film Production | Film Screenplay1954Sabrina
56%
Film Director | Film Production | Film Screenplay1953Stalag 17
56%
Film Director | Film Production | Film Screenplay1961One, Two, Three
53%
Film Director | Film Screenplay1957Witness for the Prosecution
47%
Film Director | Film Production | Film Screenplay1963Irma la Douce
44%
Film Director | Film Production | Film Screenplay1966The Fortune Cookie
44%
Film Director | Film Production | Film Screenplay1955The Seven Year Itch
44%
Film Director | Film Production | Film Screenplay1972Avanti!
41%
Film Director | Film Screenplay1974The Front Page
41%
Film Director | Film Screenplay1981Buddy Buddy
34%
Film Director | Film Production | Film Screenplay1978Fedora
34%
Film Director | Film Production | Film Screenplay1970The Private Life of Sherlock Holmes
34%
Film Director | Film Screenplay1948A Foreign Affair
31%
Film Screenplay1939Ninotchka
31%
Film Director | Film Production | Film Screenplay1957Love in the Afternoon
28%
Film Director | Film Production | Film Screenplay1964Kiss Me, Stupid
25%
Film Director | Film Screenplay1942The Major and the Minor
25%
Film Director | Film Screenplay1957The Spirit of St. Louis
22%
Film Director | Film Screenplay1943Five Graves to Cairo
19%
Film Director | Film Screenplay1934Mauvaise Graine
9%
Film Screenplay1930People on Sunday
9%
Film Screenplay1931Emil and the Detectives
6%
Film Screenplay1941Ball of Fire
3%
Film Screenplay1938Bluebeard's Eighth Wife
3%
Film Director | Film Editing Supervisor1945Death Mills
3%
Film Screenplay1932Scampolo
3%
Film Director | Film Screenplay1948The Emperor Waltz
3%
Film Screenplay1932The Victor
3%
Film Screenplay1932A Blonde Dream
0%
Film Screenplay1933Adorable
0%
Film Screenplay1940Arise, My Love
0%
Film Screenplay1948A Song Is Born
0%
Film Screenplay1930A Student's Song of Heidelberg
0%
Film Screenplay1937Champagne Waltz
0%
Film Screenplay1932Happy Ever After
0%
Film Screenplay1931Her Grace Commands
0%
Film Screenplay1941Hold Back the Dawn
0%
Film Screenplay1935Lottery Lover
0%
Film Screenplay1933Madame Wants No Children
0%
Film Screenplay1939Midnight
0%
Film Screenplay1934Music in the Air
0%
Film Screenplay1932Once There Was a Waltz
0%
Film Screenplay1934One Exciting Adventure
0%
Film Screenplay1931Princesse, á vos Ordres!
0%
Film Screenplay1940Rhythm on the River
0%
Film Screenplay1932The Blue of Heaven
0%
Film Screenplay1929The Daredevil Reporter
0%
Film Screenplay1931The Man in Search of His Murder
0%
Film Screenplay1931The Wrong Husband
0%
Film Screenplay1935Under Pressure
0%
Film Screenplay1932Un Peu D'Amour
0%
Film Screenplay1932Un Rêve Blond
0%
Film Screenplay1939What a Life
0%
Film Screenplay1933What Women Dream
0%
Film Screenplay1932Where Is This Lady?
0%

Score Distribution

Percentile by Number Answered

Percent of People with Each Score

Your Score History

You have not taken this quiz